| 000 | 00352 a2200121 4500 | ||
|---|---|---|---|
| 999 |
_c322954 _d322954 |
||
| 001 | 87881 | ||
| 003 | NUST | ||
| 082 | _a923.25491 BEN | ||
| 100 |
_aBenazir Bhutto; Abdul Ali, Sqn Ldr (R) translator _99730 |
||
| 245 |
_aDukhtar e Mashriq _bDaughter of the East _hUrdu |
||
| 260 |
_aLahore _bBhutto Legacy Foundation _c2011 |
||
| 300 | _a472 | ||
| 942 |
_aCAE NUST _cBK _k923.25491 BEN _2ddc |
||